01926nam a2200385 i 4500001000700000003000900007005001700016008004100033015001000074017005300084020001800137035002200155035002100177040003900198080001900237100003000256240002700286245008500313250003800398264003800436300002800474336002200502337003000524338002400554490002300578490002100601520051800622655002001140700005001160852011501210903004301325942001801368999001901386952013501405196301ES-MaACL20250804062711.0240906s2018 sp | |||| 000 f spa  aMON18 aB 17112-2018bOficina Depósito Legal Barcelona a9788416237289 a(OCoLC)1142904232 a(SpMaBN)a6363593 aSpMaBNbspacSpMaBNerdadES-MaACL a821.111-31"19" aHerron, Mick9238648eaut10aSlow HorseslEspañol10aCaballos lentos /cMick Herron ; traducción del inglés de Enrique de Hériz a1ª edición, septiembre de 2018 1aBarcelona : bSalamandra,c[2018] a380 páginas ; c22 cm aTexto2rdacontent asin mediación2rdamedia avolumen2rdacarrier1 aJackson Lamb ; v11 aBlack Salamandra aEl reino del irreverente y sarcástico Jackson Lamb está en Londres y se llama Casa de la Ciénaga, un vertedero al que van a parar los miembros de los servicios secretos que han cometido un error, ya sea olvidar un documento en un tren, despistarse en una ronda de vigilancia o volverse poco fiables a causa del alcohol. Sus colegas los denominan «caballos lentos», son los parientes pobres del espionaje británico y todos comparten las ganas de salir de allí a cualquier precio y volver a la acción. 0aNovelas9234319 aHériz, Enrique de, d1964-2019etrl9184320 aES-MaACLcDEPOJjN-10121hDonación: José Lázaro GarcíaxEncuadernación rústica con solapas9206255 9234219aLázaro García, Joséednr cMONOGRAFIAn0 c196301d196301 00102udc4070aATENEOMbATENEOMcDEPOJd2025-07-18eDONACIONl0oN-10121p2025-0640r2025-07-18 00:00:00w2025-07-18yMONOGRAFIA